000 01972cam a22005894i 4500
003 PE-LiUPU
005 20250731170452.0
008 110905s2004 sp a r 000 0 spa d
020 _a8474779049
020 _a9788474779042
035 _a(Sirsi) i9788474779042
040 _aPE-LiUPU
_bspa
_cPE-LiUPU
_dPE-LiUPU
_erda
049 _aPRUA
082 0 4 _a150.287
_bT21
100 1 _aTapia, Jesús Alonso
245 1 0 _aEvaluación psicológic :
_bcoordenadas, procesos y garantías /
_cJesús Alonso Tapia.
264 1 _aMadrid :
_bEdiciones UAM,
_c[2004].
300 _a240 páginas :
_bilustraciones ;
_c24 centímetros.
336 _atext
_2rdacontent
337 _aunmediated
_2rdamedia
338 _avolume
_2rdacarrier
490 0 _aCuadernos de apoyo
_v014
505 0 _aConcepción y coordenadas de la evaluación psicológica -- Procesos de evaluación orientados a la clasificación y selección -- procesos de evaluación orientados a objetivos de tipo modificativo -- Proceso de evaluación al servicio.
526 _aSEG68
526 _aSEG70
526 _aSEG69
526 _aSEG67
526 _aSEG43
526 _aP144
526 _aP143
526 _aP131
526 _aP122
526 _aP120
526 _aP117
526 _aP112
526 _aP110
526 _aP106
526 _aP101
526 _aP80
526 _aP59
526 _aP54
526 _aP35
526 _aP33
526 _aP30
650 1 4 _aPsicodiagnóstico
_95669
910 _agl20110905
942 _2ddc
_cBOOK
949 _a150.287 T21
_i63590
_lCCODEBUL1
_mBUL
_tLIBRO
_o.STAFF. Colección Ciencias de la Salud
596 _a1
999 _a150.287 T21
_wDEWEY
_c52496
_i63590
_d52496
_e2017-5-16
_f2021-11-3
_g5
_lCCODEBUL1
_mBUL
_n5
_p23.00
_q1
_r0
_sY
_tBOOK
_u2015-7-6
_xSALUD
_zP33
_0COMPRA
_o.STAFF. Colección Ciencias de la Salud
980 _81
_gALBERTO SANCHEZ Responsable de Automatización